Spatial divisions of labour : Social structures and the geography of production.

Αποθηκεύτηκε σε:
Λεπτομέρειες βιβλιογραφικής εγγραφής
Κύριος συγγραφέας: Massey, Doreen B.
Μορφή: Βιβλίο
Γλώσσα:English
Δημοσίευση: London : Macmillan, 1984
Θέματα:
Ετικέτες: Προσθήκη ετικέτας
Δεν υπάρχουν, Καταχωρήστε ετικέτα πρώτοι!

MARC

LEADER 00000nam a2200000 i 4500
001 1/20628
008 950206s1984 eng d
020 |a 0333214986 
035 |l 10021581 
040 |a GR-MY-UA  |b gre  |e aacr 
041 0 |a eng 
082 0 |a 306.3 
100 1 |a Massey, Doreen B. 
245 1 0 |a Spatial divisions of labour : Social structures and the geography of production. 
260 |a London :   |b Macmillan,   |c 1984 
300 |a 339 p. 
650 0 0 |a Division of labor. 
650 0 0 |a Economic geography. 
852 |a INST  |b CHIOS  |e 19960429  |h 306.3 MAS  |p 005200005547  |q 005200005547  |t BK  |y 0 
852 |a INST  |b CHIOS  |e 19950206  |h 306.3 MAS  |p 005200006248  |q 005200006248  |t BK  |y 0 
909 |a Χ  |b 007485 
909 |a Χ  |b 001765